| 000 | 00634nam a22001817a 4500 | ||
|---|---|---|---|
| 005 | 20240326102547.0 | ||
| 010 | _aENG-139894 | ||
| 020 |
_a9789381523827 _c50000 |
||
| 035 | _aEN-123426 | ||
| 037 | _bDBAD/PUB | ||
| 082 |
_a270.7 _21 |
||
| 100 |
_aBilgrami ,Dr Tahseen _963906 |
||
| 245 |
_aThe Bliss of Integration : _bImpact of Muslim religious institutions during Qutb Shahs / _cDr . Tahseen Bilgrami |
||
| 260 |
_aSecundrabad _bNational publisher _c2011 |
||
| 270 |
_bSecundrabad _a17/A Indrapuri Railway colony West Maradpalli _e500026 |
||
| 300 |
_a218p. _c22cm(hbk) _bIll. |
||
| 942 |
_2ddc _cEN _mBIL _h270.7 _e1 |
||
| 999 |
_c201760 _d201760 |
||